[Event "Witney op-A 10th"]
[Site "Witney"]
[Date "2023.11.05"]
[Round "5"]
[White "Acharya, Kandara"]
[Black "Hayward, Philip"]
[Result "0-1"]
[WhiteElo "1777"]
[BlackElo "2090"]
[PlyCount "50"]
[EventDate "2023.11.04"]
[EventType "swiss"]
[EventRounds "5"]
[EventCountry "ENG"]
[SourceTitle "CB46_2023"]
[SourceDate "2023.11.15"]
[SourceVersion "1"]
[SourceVersionDate "2023.11.15"]
[SourceQuality "1"]

1. c4 f5 2. Nf3 Nf6 3. Nc3 d6 4. d4 g6 5. g3 Bg7 6. Bg2 0-0 7. 0-0 Qe8 8. Qc2 Na6 9. a3 e5 10. dxe5 dxe5 11. e4 f4 12. b4 c6 13. Bb2 g5 14. Nxg5 Qh5 15. Nf3 Bg4 16. Qe2 Nc7 17. Nb1 Rad8 18. Nbd2 Rxd2 19. Qxd2 Bxf3 20. Bxf3 Qxf3 21. Qd1 Qxe4 22. c5 Qf5 23. Qd6 f3 24. Qd1 Ne4 25. Kh1 Qh3 0-1

[Event "Witney op-A 10th"]
[Site "Witney"]
[Date "2023.11.04"]
[Round "2"]
[White "Hayward, Philip"]
[Black "Vaidyanathan, Adithya"]
[Result "1-0"]
[WhiteElo "2090"]
[BlackElo "1959"]
[PlyCount "87"]
[EventDate "2023.11.04"]
[EventType "swiss"]
[EventRounds "5"]
[EventCountry "ENG"]
[SourceTitle "CB46_2023"]
[SourceDate "2023.11.15"]
[SourceVersion "1"]
[SourceVersionDate "2023.11.15"]
[SourceQuality "1"]

1. c4 c5 2. g3 Nc6 3. Bg2 g6 4. Nc3 Bg7 5. Nf3 Nf6 6. d4 cxd4 7. Nxd4 0-0 8. 0-0 a6 9. Nc2 d6 10. b3 Bf5 11. e4 Be6 12. Bg5 Nd7 13. Bd2 Rb8 14. a4 f5 15. Rc1 Nc5 16. Ne3 Nxe4 17. Nxe4 fxe4 18. Bxe4 Bh3 19. Bg2 Bxg2 20. Nxg2 Nd4 21. Nf4 e5 22. Bc3 g5 23. Bxd4 gxf4 24. Bb2 Qd7 25. Qd5+ Kh8 26. Rfd1 Rbd8 27. c5 Qh3 28. Rd3 Rf5 29. cxd6 Rh5 30. d7 Qxh2+ 31. Kf1 fxg3 32. Rxg3 Qh1+ 33. Qxh1 Rxh1+ 34. Rg1 Rxg1+ 35. Kxg1 Bf6 36. f4 Kg8 37. fxe5 Bg5 38. e6 Bxc1 39. e7 Bxb2 40. exd8Q+ Kf7 41. Qe8+ Kg7 42. d8Q Kh6 43. Qh4+ Kg7 44. Qg5# 1-0

[Event "Frome op 32nd"]
[Site "Frome"]
[Date "2023.05.14"]
[Round "5"]
[White "Webb, Richard M"]
[Black "Hayward, Philip"]
[Result "1/2-1/2"]
[WhiteElo "2179"]
[BlackElo "2007"]
[PlyCount "80"]
[EventDate "2023.05.12"]
[EventType "swiss"]
[EventRounds "5"]
[EventCountry "ENG"]
[SourceTitle "EXT 2024"]
[Source "ChessBase"]
[SourceDate "2023.10.10"]
[SourceVersion "1"]
[SourceVersionDate "2023.10.10"]
[SourceQuality "1"]

1. e4 e6 2. d3 c5 3. Nf3 Nc6 4. g3 Nge7 5. Bg2 g6 6. 0-0 Bg7 7. Nbd2 0-0 8. Re1 e5 9. Nc4 d6 10. a4 b6 11. c3 h6 12. Bd2 Be6 13. b4 Rb8 14. Ne3 f5 15. bxc5 bxc5 16. exf5 gxf5 17. Rb1 Qd7 18. Qc2 f4 19. Rxb8 Rxb8 20. gxf4 exf4 21. Nc4 Rf8 22. Kh1 Ng6 23. Bc1 Bf5 24. Ncd2 h5 25. Ng5 Bh6 26. Bd5+ Kh8 27. Rg1 Qe7 28. Bxc6 Bxg5 29. Nf3 Bf6 30. Be4 Bxe4 31. dxe4 Rg8 32. Qd3 Rg7 33. Qd5 Ne5 34. Nxe5 Bxe5 35. Rxg7 Qxg7 36. f3 h4 37. Qe6 Bxc3 38. Bxf4 Bd4 39. Qe8+ Kh7 40. Qh5+ Kg8 1/2-1/2

[Event "Witney op-A 9th"]
[Site "Witney"]
[Date "2022.11.05"]
[Round "2"]
[White "Hayward, Philip"]
[Black "Southcott Moyers, Indy"]
[Result "1/2-1/2"]
[WhiteElo "2007"]
[BlackElo "1952"]
[PlyCount "52"]
[EventDate "2022.11.05"]
[EventType "swiss"]
[EventRounds "5"]
[EventCountry "ENG"]
[SourceTitle "CBM 211 Extra"]
[Source "ChessBase"]
[SourceDate "2023.01.31"]
[SourceVersion "1"]
[SourceVersionDate "2023.01.31"]
[SourceQuality "1"]

1. c4 e5 2. g3 Nf6 3. Bg2 c6 4. d4 e4 5. Nc3 Bb4 6. Bg5 d5 7. Nh3 Nbd7 8. cxd5 Bxc3+ 9. bxc3 cxd5 10. 0-0 h6 11. Bf4 0-0 12. f3 Nb6 13. Nf2 exf3 14. Bxf3 Bf5 15. Qb3 Re8 16. Rad1 Ne4 17. Be5 Nxf2 18. Rxf2 Bg6 19. Qb4 Qd7 20. Re1 Rac8 21. Qa5 Nc4 22. Qxd5 Qxd5 23. Bxd5 Nxe5 24. dxe5 Rxe5 25. e4 Rxc3 26. Bxb7 Rc7 1/2-1/2

[Event "Witney op-A 9th"]
[Site "Witney"]
[Date "2022.11.05"]
[Round "3"]
[White "Ogunshola, Ben"]
[Black "Hayward, Philip"]
[Result "1-0"]
[WhiteElo "2166"]
[BlackElo "2007"]
[PlyCount "101"]
[EventDate "2022.11.05"]
[EventType "swiss"]
[EventRounds "5"]
[EventCountry "ENG"]
[SourceTitle "CBM 211 Extra"]
[Source "ChessBase"]
[SourceDate "2023.01.31"]
[SourceVersion "1"]
[SourceVersionDate "2023.01.31"]
[SourceQuality "1"]

1. c4 f5 2. Nc3 Nf6 3. g3 g6 4. Bg2 Bg7 5. d3 0-0 6. e4 d6 7. Nge2 fxe4 8. dxe4 c5 9. 0-0 Nc6 10. Nd5 e5 11. Bg5 Be6 12. Nec3 Qd7 13. Qd2 Rf7 14. Rae1 Nd4 15. b3 Raf8 16. Nxf6+ Bxf6 17. Be3 b6 18. Nd5 Nc6 19. f3 Bg7 20. Rc1 Rc8 21. Rf2 Qd8 22. h4 Qf8 23. Rcf1 Nd4 24. Kh2 Re8 25. Nc3 Ree7 26. Ne2 Qc8 27. Ng1 b5 28. cxb5 Rb7 29. Rc1 Rxb5 30. Bf1 Rb8 31. Bc4 Bxc4 32. Rxc4 Qf8 33. Kg2 d5 34. exd5 Rd8 35. Qd3 Rxd5 36. Qe4 Rd8 37. Nh3 Qd6 38. Ng5 Rc7 39. Bxd4 exd4 40. Qd3 Bh6 41. Ne4 Qe7 42. Re2 Be3 43. Rcc2 Kg7 44. Qc4 d3 45. Rxe3 dxc2 46. Qc3+ Kh6 47. Nf6 Qxf6 48. Qxf6 Rd2+ 49. Kh3 Rh2+ 50. Kxh2 c1Q 51. Qf4+ 1-0

[Event "BCF-chT 2122 (4NCL)"]
[Site "England"]
[Date "2021.11.27"]
[Round "1.116"]
[White "Kanyamarala, Trisha"]
[Black "Hayward, Philip"]
[Result "1-0"]
[WhiteElo "2198"]
[BlackElo "2009"]
[PlyCount "61"]
[EventDate "2021.11.27"]
[EventType "team-swiss"]
[EventRounds "11"]
[EventCountry "ENG"]
[SourceTitle "EXT 2023"]
[Source "ChessBase"]
[SourceDate "2022.10.05"]
[SourceVersion "1"]
[SourceVersionDate "2022.10.05"]
[SourceQuality "1"]
[WhiteTeam "Gonzaga"]
[BlackTeam "Oxford"]
[WhiteTeamCountry "ENG"]
[BlackTeamCountry "ENG"]

1. d4 f5 2. g3 Nf6 3. Bg2 g6 4. Nf3 Bg7 5. 0-0 0-0 6. Nbd2 d6 7. Re1 Nc6 8. e4 fxe4 9. Nxe4 Nxe4 10. Rxe4 Bf5 11. Re1 Bg4 12. c3 Kh8 13. h3 Bxf3 14. Bxf3 e5 15. dxe5 Nxe5 16. Bxb7 c6 17. Bxa8 Nf3+ 18. Kf1 Qxa8 19. Bf4 c5 20. Re3 Nh4 21. gxh4 Rxf4 22. Qxd6 Rf8 23. Kg1 Bh6 24. Qe5+ Kg8 25. Rd3 Qc8 26. Re1 c4 27. Rd6 Qb8 28. Rf6 Qxb2 29. Qe6+ Kh8 30. Rxf8+ Bxf8 31. Qf7 1-0

[Event "Maidenhead op"]
[Site "Maidenhead"]
[Date "2019.08.26"]
[Round "6"]
[White "Akeya Price, Robert A"]
[Black "Hayward, Philip"]
[Result "1/2-1/2"]
[WhiteElo "1988"]
[BlackElo "1991"]
[PlyCount "71"]
[EventDate "2019.08.24"]
[EventType "swiss"]
[EventRounds "6"]
[EventCountry "ENG"]
[SourceTitle "EXT 2020"]
[Source "ChessBase"]
[SourceDate "2019.10.17"]
[SourceVersion "1"]
[SourceVersionDate "2019.10.17"]
[SourceQuality "1"]

1. d4 f5 2. Bg5 g6 3. e3 Bg7 4. h4 h6 5. Bf4 d6 6. Nc3 Nf6 7. Bc4 e6 8. Qf3 0-0 9. 0-0-0 Qe7 10. Qg3 Kh7 11. Nf3 Nc6 12. Kb1 a6 13. a4 Bd7 14. Rde1 Rab8 15. Bd3 Nb4 16. Ng5+ Kg8 17. Nh3 Nxd3 18. cxd3 Nh5 19. Qf3 b5 20. axb5 Bxb5 21. Kc2 c5 22. dxc5 Nxf4 23. Nxf4 Qf6 24. cxd6 Bxd3+ 25. Kxd3 Rxb2 26. Rc1 Rd8 27. Rhd1 Rxd6+ 28. Kc4 Qd8 29. Nxe6 Qc8+ 30. Nc5 Rdb6 31. Qd5+ Kh7 32. N3a4 R6b4+ 33. Kd3 Rxf2 34. Ne6 Qg8 35. Qd7 Rb7 36. Nf8+ 1/2-1/2

[Event "Maidenhead op"]
[Site "Maidenhead"]
[Date "2019.08.24"]
[Round "1"]
[White "Hayward, Philip"]
[Black "Pye, David E"]
[Result "1-0"]
[WhiteElo "1991"]
[BlackElo "2135"]
[PlyCount "59"]
[EventDate "2019.08.24"]
[EventType "swiss"]
[EventRounds "6"]
[EventCountry "ENG"]
[SourceTitle "EXT 2020"]
[Source "ChessBase"]
[SourceDate "2019.10.17"]
[SourceVersion "1"]
[SourceVersionDate "2019.10.17"]
[SourceQuality "1"]

1. c4 e5 2. g3 c6 3. d4 exd4 4. Qxd4 d5 5. Bg2 dxc4 6. Qxd8+ Kxd8 7. Nf3 Be6 8. Ng5 Nd7 9. Nxe6+ fxe6 10. 0-0 Bc5 11. Nd2 c3 12. Ne4 cxb2 13. Bxb2 Ngf6 14. Nxc5 Nxc5 15. Rfd1+ Ke8 16. Ba3 Ncd7 17. Rab1 Nb6 18. Bc5 Nfd7 19. Bd6 Kf7 20. a4 Nf6 21. a5 Nbd5 22. Rxb7+ Kg6 23. Rc1 Rhd8 24. Rxc6 Ne8 25. Be4+ Kf6 26. Ba3 Kg5 27. h4+ Kh5 28. Rxe6 Ndf6 29. Re5+ Kg4 30. Rg5+ 1-0

[Event "North Wales op 4th"]
[Site "Llandudno"]
[Date "2019.06.23"]
[Round "4"]
[White "Hayward, Philip"]
[Black "Rathbone Jones, Ifan"]
[Result "1-0"]
[WhiteElo "1976"]
[BlackElo "1887"]
[PlyCount "39"]
[EventDate "2019.06.21"]
[EventType "swiss"]
[EventRounds "5"]
[EventCountry "WLS"]
[SourceTitle "EXT 2020"]
[Source "ChessBase"]
[SourceDate "2019.10.17"]
[SourceVersion "1"]
[SourceVersionDate "2019.10.17"]
[SourceQuality "1"]

1. c4 e6 2. g3 Nf6 3. Bg2 d5 4. Nf3 c5 5. 0-0 Nc6 6. e3 b6 7. b3 Bb7 8. Bb2 Bd6 9. Nc3 0-0 10. cxd5 exd5 11. d4 cxd4 12. Nxd4 Nxd4 13. Qxd4 Bc5 14. Qd3 Qd7 15. Rfd1 Rad8 16. Ne2 Qe7 17. Nf4 Rd7 18. Qf5 Ne4 19. Bxe4 Qxe4 20. Qxe4 1-0

[Event "North Wales op 4th"]
[Site "Llandudno"]
[Date "2019.06.22"]
[Round "2"]
[White "Hayward, Philip"]
[Black "Pirga, Vlad"]
[Result "1-0"]
[WhiteElo "1976"]
[BlackElo "1513"]
[PlyCount "55"]
[EventDate "2019.06.21"]
[EventType "swiss"]
[EventRounds "5"]
[EventCountry "WLS"]
[SourceTitle "EXT 2020"]
[Source "ChessBase"]
[SourceDate "2019.10.17"]
[SourceVersion "1"]
[SourceVersionDate "2019.10.17"]
[SourceQuality "1"]

1. c4 e5 2. g3 Bc5 3. Nc3 Nf6 4. Bg2 0-0 5. e3 Nc6 6. Nge2 a6 7. 0-0 Ne7 8. d4 exd4 9. exd4 Ba7 10. Bg5 Ng6 11. Ne4 Re8 12. N2c3 Nxe4 13. Bxd8 Nxc3 14. bxc3 Rxd8 15. h4 Rb8 16. h5 Nf8 17. h6 d6 18. hxg7 Kxg7 19. Qd2 Bf5 20. Rfe1 Ng6 21. a4 a5 22. Bf3 c5 23. Kg2 Re8 24. Qg5 Bd7 25. Rh1 Rh8 26. Qh6+ Kg8 27. Rhd1 f6 28. Bd5+ 1-0

[Event "North Wales op 4th"]
[Site "Llandudno"]
[Date "2019.06.22"]
[Round "3"]
[White "Van Kemenade, Julie"]
[Black "Hayward, Philip"]
[Result "0-1"]
[WhiteElo "1718"]
[BlackElo "1976"]
[PlyCount "130"]
[EventDate "2019.06.21"]
[EventType "swiss"]
[EventRounds "5"]
[EventCountry "WLS"]
[SourceTitle "EXT 2020"]
[Source "ChessBase"]
[SourceDate "2019.10.17"]
[SourceVersion "1"]
[SourceVersionDate "2019.10.17"]
[SourceQuality "1"]

1. e4 e6 2. d3 c5 3. g3 Nc6 4. Nf3 Nge7 5. Bg2 g6 6. 0-0 Bg7 7. c3 e5 8. Nbd2 d6 9. Re1 0-0 10. Nf1 h6 11. Ne3 Be6 12. Nh4 Qd7 13. Bf3 b6 14. Bg4 f5 15. Bh3 f4 16. Bxe6+ Qxe6 17. Nd5 Qh3 18. Qf3 g5 19. Qg2 Qd7 20. Nf3 g4 21. Nh4 f3 22. Qf1 Nxd5 23. exd5 Ne7 24. c4 Qe8 25. h3 h5 26. Bg5 Bf6 27. Bxf6 Rxf6 28. Re4 Qd7 29. hxg4 hxg4 30. Qc1 Kf7 31. Qg5 Rg8 32. Qh5+ Kf8 33. Rae1 Qe8 34. Qxe8+ Kxe8 35. R1e3 Rh6 36. Kf1 Nf5 37. Ke1 Nxh4 38. gxh4 Rxh4 39. Rf4 Rf8 40. Rxf8+ Kxf8 41. Re4 a5 42. a4 Kf7 43. Kd2 Kf6 44. Re1 Rh2 45. Ke3 Kg5 46. Rg1 Rg2 47. Rh1 g3 48. Kxf3 Rxf2+ 49. Kxg3 Rd2 50. Rh8 Rxd3+ 51. Kf2 e4 52. Rd8 Kf4 53. Rf8+ Ke5 54. Ke2 Rb3 55. Re8+ Kd4 56. Re6 Rxb2+ 57. Kd1 Kd3 58. Kc1 Rc2+ 59. Kb1 Rxc4 60. Rxd6 e3 61. Rxb6 Rb4+ 62. Rxb4 cxb4 63. d6 e2 64. d7 e1Q+ 65. Kb2 Qe7 0-1

[Event "BCF-chT3Sb 1819 (4NCL)"]
[Site "England"]
[Date "2019.01.12"]
[Round "3.64"]
[White "Hayward, Philip"]
[Black "Scrimgour, Alan"]
[Result "1/2-1/2"]
[WhiteElo "1959"]
[BlackElo "2095"]
[PlyCount "64"]
[EventDate "2018.11.17"]
[EventType "team-tourn"]
[EventRounds "7"]
[EventCountry "ENG"]
[SourceTitle "EXT 2021"]
[Source "ChessBase"]
[SourceDate "2020.10.23"]
[SourceVersion "1"]
[SourceVersionDate "2020.10.23"]
[SourceQuality "1"]
[WhiteTeam "Oxford II"]
[BlackTeam "CSC"]
[WhiteTeamCountry "ENG"]
[BlackTeamCountry "ENG"]

1. c4 e5 2. g3 Nf6 3. Bg2 c6 4. d4 exd4 5. Qxd4 Na6 6. Nf3 Nb4 7. Qd1 d5 8. a3 Na6 9. Nc3 Be6 10. Ng5 dxc4 11. Nxe6 Qxd1+ 12. Nxd1 fxe6 13. Ne3 c3 14. bxc3 0-0-0 15. Nc4 Be7 16. Be3 Bc5 17. Bf4 Nc7 18. 0-0 Ncd5 19. Be5 Nb6 20. Nxb6+ Bxb6 21. Bh3 Kd7 22. Rab1 Ke7 23. Bd4 c5 24. Be3 h6 25. c4 Rd7 26. Bg2 Ng4 27. Bf4 g5 28. Bc1 Rhd8 29. f4 gxf4 30. Bxf4 e5 31. Bh3 exf4 32. Bxg4 Rd4 1/2-1/2

[Event "Witney op 6th"]
[Site "Witney"]
[Date "2018.11.04"]
[Round "4"]
[White "Hosdurga, Chirag"]
[Black "Hayward, Philip"]
[Result "1/2-1/2"]
[WhiteElo "1758"]
[BlackElo "1959"]
[PlyCount "70"]
[EventDate "2018.11.03"]
[EventType "swiss"]
[EventRounds "5"]
[EventCountry "ENG"]
[SourceTitle "CBM 187 Extra"]
[Source "ChessBase"]
[SourceDate "2018.11.04"]
[SourceVersion "1"]
[SourceVersionDate "2018.11.04"]
[SourceQuality "1"]

1. d4 f5 2. Bg5 g6 3. e3 Bg7 4. c4 Nf6 5. Nc3 d6 6. Nf3 Nbd7 7. Bd3 h6 8. Bh4 e6 9. g4 g5 10. gxf5 exf5 11. Bg3 Nf8 12. Qc2 f4 13. exf4 Bg4 14. Be2 Qe7 15. 0-0-0 gxf4 16. Bxf4 0-0-0 17. Rhe1 Qf7 18. d5 Nh5 19. Be3 Bxf3 20. Nb5 Nd7 21. Bxf3 Qxf3 22. Nxa7+ Kb8 23. Rd3 Rhe8 24. Nc6+ bxc6 25. Ba7+ Kxa7 26. Qa4+ Kb8 27. Qb4+ Nb6 28. Rxf3 cxd5 29. cxd5 Nf6 30. Rxe8 Rxe8 31. Qb5 Re1+ 32. Kd2 Re5 33. Rd3 Ne4+ 34. Kc2 Nxf2 35. Rg3 Re7 1/2-1/2

[Event "North Wales op 3rd"]
[Site "Llandudno"]
[Date "2018.06.24"]
[Round "5"]
[White "Hayward, Philip"]
[Black "Jones, Steven"]
[Result "1-0"]
[WhiteElo "1915"]
[BlackElo "2222"]
[PlyCount "55"]
[EventDate "2018.06.22"]
[EventType "swiss"]
[EventRounds "5"]
[EventCountry "WLS"]
[SourceTitle "EXT 2020"]
[Source "ChessBase"]
[SourceDate "2019.10.17"]
[SourceVersion "1"]
[SourceVersionDate "2019.10.17"]
[SourceQuality "1"]

1. c4 Nf6 2. g3 e5 3. Bg2 c6 4. d4 exd4 5. Qxd4 Na6 6. Nf3 Bc5 7. Qe5+ Be7 8. 0-0 0-0 9. Nc3 Re8 10. Qd4 Nc7 11. e4 d6 12. h3 a5 13. b3 Ne6 14. Qd1 Nc5 15. Qc2 Bf8 16. Nd4 g6 17. Bg5 h6 18. Bf4 Qc7 19. Rad1 Bd7 20. Kh2 Nh5 21. Bc1 Bg7 22. f4 Rad8 23. Ba3 Qb6 24. Nde2 Bc8 25. Rd2 f5 26. exf5 Bxf5 27. Qd1 Bd3 28. Bxc5 1-0

[Event "North Wales op 3rd"]
[Site "Llandudno"]
[Date "2018.06.23"]
[Round "3"]
[White "Hayward, Philip"]
[Black "Camp, Imogen AL"]
[Result "1-0"]
[WhiteElo "1915"]
[BlackElo "1832"]
[PlyCount "51"]
[EventDate "2018.06.22"]
[EventType "swiss"]
[EventRounds "5"]
[EventCountry "WLS"]
[SourceTitle "EXT 2020"]
[Source "ChessBase"]
[SourceDate "2019.10.17"]
[SourceVersion "1"]
[SourceVersionDate "2019.10.17"]
[SourceQuality "1"]

1. c4 e6 2. g3 d5 3. Bg2 Nf6 4. Nf3 Nbd7 5. b3 c6 6. 0-0 Bd6 7. d4 Ne4 8. Bb2 f5 9. Nbd2 Ndf6 10. Ne5 Nxd2 11. Qxd2 Ne4 12. Qc2 0-0 13. c5 Bc7 14. b4 g5 15. Rad1 h5 16. Bc1 Bxe5 17. dxe5 g4 18. Bh6 Re8 19. Qc1 Kh7 20. Bxe4 fxe4 21. f3 exf3 22. exf3 Qe7 23. fxg4 hxg4 24. Rf6 Qc7 25. Qf4 Kh8 26. Rf7 1-0

[Event "BCF-chT4S 1718 (4NCL)"]
[Site "England"]
[Date "2018.05.06"]
[Round "10.31"]
[White "Briscoe, Christopher"]
[Black "Hayward, Philip"]
[Result "1-0"]
[WhiteElo "2210"]
[BlackElo "1867"]
[PlyCount "67"]
[EventDate "2017.11.11"]
[EventType "team-swiss"]
[EventRounds "11"]
[EventCountry "ENG"]
[SourceTitle "EXT 2020"]
[Source "ChessBase"]
[SourceDate "2019.10.17"]
[SourceVersion "1"]
[SourceVersionDate "2019.10.17"]
[SourceQuality "1"]
[WhiteTeam "Surbiton"]
[BlackTeam "Oxford III"]
[WhiteTeamCountry "ENG"]
[BlackTeamCountry "ENG"]

1. e4 e6 2. d4 d5 3. Nc3 Bb4 4. e5 c5 5. a3 Bxc3+ 6. bxc3 Qa5 7. Bd2 Qa4 8. Qg4 Kf8 9. Nf3 Ne7 10. Be2 Qxc2 11. dxc5 Nbc6 12. Rd1 h5 13. Qg5 Qe4 14. Qe3 f6 15. Qxe4 dxe4 16. exf6 gxf6 17. Nh4 Kg7 18. 0-0 b6 19. f3 e3 20. Bxe3 Nd5 21. Nf5+ Kg6 22. Bc4 bxc5 23. Nh4+ Kg7 24. Bxd5 exd5 25. Rxd5 c4 26. Rc5 Ne5 27. Rc7+ Nf7 28. Re1 Rd8 29. Bh6+ Kxh6 30. Rxf7 Rb8 31. h3 Rg8 32. f4 Rb7 33. Rxb7 Bxb7 34. Nf5+ 1-0

[Event "Torquay op 51st"]
[Site "Torquay"]
[Date "2017.11.12"]
[Round "4"]
[White "Mackle, Dominic"]
[Black "Hayward, Philip"]
[Result "1-0"]
[WhiteElo "2179"]
[BlackElo "1867"]
[PlyCount "37"]
[EventDate "2017.11.10"]
[EventType "swiss"]
[EventRounds "5"]
[EventCountry "ENG"]
[SourceTitle "EXT 2022"]
[Source "ChessBase"]
[SourceDate "2021.10.06"]
[SourceVersion "1"]
[SourceVersionDate "2021.10.06"]
[SourceQuality "1"]

1. d4 f5 2. Nc3 Nf6 3. Nf3 g6 4. h4 d5 5. h5 Bg7 6. hxg6 h6 7. Ne5 Be6 8. Bf4 c6 9. Qd2 Ne4 10. Nxe4 dxe4 11. e3 Nd7 12. Nxd7 Bxd7 13. Bc4 e6 14. Qb4 b5 15. Be2 a5 16. Qc5 Qe7 17. Bd6 Qg5 18. Qa3 Bf8 19. g7 1-0

[Event "BCF-chT1a 1314 (4NCL)"]
[Site "England"]
[Date "2014.02.16"]
[Round "6.147"]
[White "Hayward, Philip"]
[Black "Foisor, Mihaela Veronica"]
[Result "0-1"]
[WhiteElo "1911"]
[BlackElo "2222"]
[PlyCount "94"]
[EventDate "2013.11.16"]
[EventType "team-tourn"]
[EventRounds "7"]
[EventCountry "ENG"]
[SourceTitle "EXT 2015"]
[Source "ChessBase"]
[SourceDate "2014.11.20"]
[SourceVersion "1"]
[SourceVersionDate "2014.11.20"]
[SourceQuality "1"]
[WhiteTeam "Oxford"]
[BlackTeam "Grantham Sharks"]
[WhiteTeamCountry "ENG"]
[BlackTeamCountry "ENG"]

1. c4 c5 2. g3 g6 3. Bg2 Bg7 4. Nc3 Nc6 5. a3 d6 6. Rb1 a5 7. Nf3 e5 8. d3 Nge7 9. 0-0 Rb8 10. Ne1 Be6 11. Nd5 b5 12. Bg5 h6 13. Bxe7 Nxe7 14. Nxe7 Kxe7 15. Qc2 Qb6 16. b3 Qa7 17. a4 bxa4 18. bxa4 Rxb1 19. Qxb1 Rb8 20. Qa1 Qb6 21. Nc2 Qb2 22. Na3 Qxa1 23. Rxa1 e4 24. Re1 exd3 25. exd3 Rb3 26. Nb5 Rxd3 27. Nc7 Bc3 28. Bf1 Rxg3+ 29. fxg3 Bxe1 30. Nxe6 fxe6 31. Bg2 Kf6 32. Kf1 Bc3 33. Ke2 Ke5 34. Kd3 Bd4 35. h3 h5 36. Bc6 Bf2 37. Be8 Kf6 38. Ke4 Bxg3 39. Bc6 Bf2 40. Be8 Be1 41. Bc6 g5 42. Be8 g4 43. Bxh5 gxh3 44. Bf3 Kg5 45. Bh1 Kg4 46. Ke3 Kg3 47. Bc6 h2 0-1